Instalaciones - redes de toma corrientes desarrollo de planos de tomacorrientes de vivienda unifamiliar de 2 pisos + azotea + azotea (90 m2) / (Registro nro. 4986)
[ vista simple ]
| 000 -LEADER | |
|---|---|
| fixed length control field | 01111nam a22002417a 4500 |
| 003 - CONTROL NUMBER IDENTIFIER | |
| control field | PE SENCICO BE |
| 005 - DATE AND TIME OF LATEST TRANSACTION | |
| control field | 20251020182707.0 |
| 008 - FIXED-LENGTH DATA ELEMENTS--GENERAL INFORMATION | |
| fixed length control field | 240307b |||||||| |||| 00| 0 eng d |
| 040 ## - CATALOGING SOURCE | |
| Original cataloging agency | PE SENCICO BE |
| Transcribing agency | PE SENCICO BE |
| 041 ## - LANGUAGE CODE | |
| Language code of text/sound track or separate title | spa |
| 084 ## - OTHER CLASSIFICATION NUMBER | |
| Classification number | I |
| -- | DIB |
| -- | 2014 |
| Item number | L5 |
| 100 1# - MAIN ENTRY--PERSONAL NAME | |
| 9 (RLIN) | 2018 |
| Personal name | Lloclla Sauñe, José Carlos |
| Relator term | autor |
| 245 1# - TITLE STATEMENT | |
| Title | Instalaciones - redes de toma corrientes desarrollo de planos de tomacorrientes de vivienda unifamiliar de 2 pisos + azotea + azotea (90 m2) / |
| Statement of responsibility, etc. | José Carlos Lloclla Sauñe |
| 260 ## - PUBLICATION, DISTRIBUTION, ETC. | |
| Place of publication, distribution, etc. | Lima : |
| Date of publication, distribution, etc. | 2014 |
| 300 ## - PHYSICAL DESCRIPTION | |
| Extent | 35 h. : |
| Other physical details | il. col., planos ; |
| Dimensions | 30 cm. |
| 502 ## - DISSERTATION NOTE | |
| Dissertation note | Monografía de Titulación.-- Servicio Nacional de Capacitación para la Industria de la Construcción. Escuela Superior Técnica. Carrera Profesional Técnica en Dibujo en Construcción Civil, 2014 |
| 650 10 - SUBJECT ADDED ENTRY--TOPICAL TERM | |
| 9 (RLIN) | 1688 |
| Topical term or geographic name entry element | Tomacorrientes |
| 650 20 - SUBJECT ADDED ENTRY--TOPICAL TERM | |
| 9 (RLIN) | 401 |
| Topical term or geographic name entry element | Sistemas de energía eléctrica |
| 650 20 - SUBJECT ADDED ENTRY--TOPICAL TERM | |
| 9 (RLIN) | 108 |
| Topical term or geographic name entry element | Instalaciones eléctricas |
| 710 1# - ADDED ENTRY--CORPORATE NAME | |
| Corporate name or jurisdiction name as entry element | Servicio Nacional de Capacitación para la Industria de la Construcción. |
| Subordinate unit | Escuela Superior Técnica |
| 9 (RLIN) | 1065 |
| 910 ## - USER-OPTION DATA (OCLC) | |
| -- | hfp |
| -- | hfp |
| 942 ## - ADDED ENTRY ELEMENTS (KOHA) | |
| Koha item type | Monografía de Titulación |
| Fecha de la última vez que lo usaron | Número de ingreso o de inventario | Pago total | Signatura topográfica completa | Código de barras | Precio efectivo desde | Tipo de documento | Estado perdido | Estado dañado | No es para préstamo | Retirado | Ubicación permanente | Ubicación actual | Fecha de adquisición |
|---|---|---|---|---|---|---|---|---|---|---|---|---|---|
| 07/03/2024 | I-00553 | I/DIB/2014/L5 | BibLima24030034 | 07/03/2024 | Monografía de Titulación | Biblioteca Central Lima | Biblioteca Central Lima | 07/03/2024 |